| 000 -CABECERA |
| Longitud fija campo de control |
00892nam a22002537a 4500 |
| 003 - IDENTIFICADOR DEL NÚMERO DE CONTROL |
| Identificador del número de control |
OSt |
| 005 - FECHA Y HORA DE LA ÚLTIMA TRANSACCIÓN |
| Fecha y hora de la última transacción |
20131021110049.0 |
| 008 - CÓDIGOS DE INFORMACIÓN DE LONGITUD FIJA |
| Códigos de información de longitud fija |
130416s2008 sp ||||| |||| 00| 0 eng d |
| 020 ## - NÚMERO INTERNACIONAL NORMALIZADO PARA LIBROS |
| Número Internacional Normalizado para Libros (ISBN) |
9788498208771 |
| 040 ## - FUENTE DE LA CATALOGACIÓN |
| Centro transcriptor |
CDMR |
| 245 00 - MENCIÓN DE TÍTULO |
| Título |
Diseño de la noticia |
| Resto del título |
: una mirada actual a la estrategias periodísticas en papel y web : proyectos 2006-2008 |
| Mención de responsabilidad, etc. |
Cases i Associats ; [coordinación editorial Daniel Gimeno] |
| 246 ## - VARIANTES DE TÍTULO |
| Título propio / Título en breve |
Designing news : today's editorial strategies for print and for the web : projects 2006-2008 |
| 250 ## - MENCIÓN DE EDICIÓN |
| Mención de edición |
1a ed. |
| 260 ## - PUBLICACIÓN, DISTRIBUCIÓN, ETC. (PIE DE IMPRENTA) |
| Lugar de publicación, distribución, etc. |
Barcelona |
| Nombre del editor, distribuidor, etc. |
Sol90 |
| Fecha de publicación, distribución, etc. |
2008 |
| 300 ## - DESCRIPCIÓN FÍSICA |
| Extensión |
433 p. |
| Otras características físicas |
il. col. |
| 490 0# - MENCIÓN DE SERIE |
| Mención de serie |
Media |
| 500 ## - NOTA GENERAL |
| Nota general |
Text en castellà i anglès |
| 610 2# - PUNTO DE ACCESO ADICIONAL DE MATERIA - NOMBRE DE ENTIDAD CORPORATIVA |
| 9 (RLIN) |
3184 |
| Nombre de entidad corporativa o nombre de jurisdicción como elemento inicial |
Cases i Associats |
| 650 04 - PUNTO DE ACCESO ADICIONAL DE MATERIA - TÉRMINO DE MATERIA |
| 9 (RLIN) |
1840 |
| Término de materia o nombre geográfico como elemento inicial |
Diaris |
| Subdivisión de materia general |
Disseny |
| 650 04 - PUNTO DE ACCESO ADICIONAL DE MATERIA - TÉRMINO DE MATERIA |
| 9 (RLIN) |
3188 |
| Término de materia o nombre geográfico como elemento inicial |
Premsa digital |
| Subdivisión de materia general |
Disseny |
| 700 1# - PUNTO DE ACCESO ADICIONAL - NOMBRE DE PERSONA |
| 9 (RLIN) |
3190 |
| Nombre de persona |
Gimeno, Daniel |
| Término indicativo de función |
ed. |
| 710 2# - PUNTO DE ACCESO ADICIONAL - NOMBRE DE ENTIDAD |
| 9 (RLIN) |
3184 |
| Nombre de entidad o nombre de jurisdicción como elemento inicial |
Cases i Associats |
| 942 ## - ENTRADA DE ELEMENTOS AGREGADOS (KOHA) |
| Fuente de clasificaión o esquema |
|
| Koha [por defecto] tipo de item |
Monografies |